Helyi, kistérségi és regionális vonzerők szerepe a falusi turizmusban

Bibliográfiai részletek
Szerző: Demeter István
További közreműködők: Remenyik Dr. Bulcsú
Dokumentumtípus: Záródolgozat
Kulcsszavak:regionális vonzerők
Online Access:http://dolgozattar.uni-bge.hu/15441

MARC

LEADER 00000nta a2200000 i 4500
001 dolg15441
005 20180828130724.0
008 180601suuuu hu o 000 hun d
040 |a BGE Dolgozattár Repozitórium  |b hun 
041 |a hu 
100 1 |a Demeter István 
245 1 0 |a Helyi, kistérségi és regionális vonzerők szerepe a falusi turizmusban   |c Demeter István  |h [elektronikus dokumentum] 
246 1 1 |a Helyi, kistérségi és regionális vonzerők szerepe a falusi turizmus (Korond, Farkaslaka, Rugonfalva területek) fejlesztésében. Helyi hagyományok, mint idegenforgalmi vonzerő. 
516 |a Final_paper 
695 |a regionális vonzerők 
700 1 |a Remenyik Dr. Bulcsú  |e ths 
856 4 0 |u http://dolgozattar.uni-bge.hu/15441/1/Ter%C3%BCletfejleszt%C3%A9s%20idegenforgalmi%20kitekint%C3%A9s.pdf  |z Dokumentum-elérés